Più grandi città della Calabria - Statistics

Statistiche generali
  • Questo quiz è stato fatto 252 volte
  • Il punteggio medio è 7 su 10
Statistiche sulle risposte
Popolazione Città % Corretto
183.035 ⭐️ Reggio Calabria
100%
90.612 ⭐️ Catanzaro
98%
62.178 ⭐️ Crotone
94%
67.546 ⭐️ Cosenza
93%
33.941 ⭐️ Vibo Valentia
90%
70.714 Lamezia Terme
67%
36.842 Rossano
46%
40.427 Corigliano Calabro
42%
35.338 Rende
34%
22.240 Castrovillari
33%
Nessun quiz corrispondente trovato
Distribuzione punteggi
Percentuale di utenti per punteggio
Percentile per numero di risposta
I tuoi punteggi nel tempo
Non hai fatto questo quiz